000 00692nam a2200229Ia 4500
005 20260601193253.0
008 260601s9999||||xx |||||||||||||| ||und||
020 _a978-3-031-68309-1
_qebk
100 _aChristine Strauss
245 0 _aDatabase and Expert Systems Applications
250 _a2024
260 _aHeidelberg, Germany
_bSpringer Nature
_c2024
440 _aLecture Notes in Computer Science
650 _aComputer Science
700 _aA Min Tjoa
700 _aGabriele Kotsis
700 _aGiuseppe Manco
700 _aIsmail Khalil
700 _aToshiyuki Amagasa
856 _uhttps://link.springer.com/openurl?genre=book&isbn=978-3-031-68309-1
942 _cEB
_2ddc
999 _c56796
_d56796